Normal view
MARC view
- ENERGY AT THE CROSSROADS., ENERGY POLICY. , POWER RESOURCES
Entry Topical Term
001 - CONTROL NUMBER
- control field: 64352
003 - CONTROL NUMBER IDENTIFIER
- control field: NUST
005 - DATE AND TIME OF LATEST TRANSACTION
- control field: 20210628203246.0
008 - FIXED-LENGTH DATA ELEMENTS
- fixed length control field: 210628|| aca||aabn | a|a d
040 ## - CATALOGING SOURCE
- Original cataloging agency: NUST
- Transcribing agency: NUST
150 ## - HEADING--TOPICAL TERM
- Topical term or geographic name entry element: ENERGY AT THE CROSSROADS., ENERGY POLICY. , POWER RESOURCES
670 ## - SOURCE DATA FOUND
- Source citation: Work cat.: (NUST): Smil, Vaclav 64351, Energy at the crossroads , global perspectives and uncertainties, 2003
